[Event "La Roda op 49th"]
[Site "La Roda"]
[Date "2023.04.07"]
[Round "4"]
[White "Rottenwohrer Suarez, Juan"]
[Black "Tabuenca Mendataurigoitia, Pedro"]
[Result "1/2-1/2"]
[WhiteElo "2278"]
[BlackElo "2040"]
[PlyCount "49"]
[EventDate "2023.04.05"]
[EventType "swiss"]
[EventRounds "9"]
[EventCountry "ESP"]
[SourceTitle "CBM 213 Extra"]
[Source "ChessBase"]
[SourceDate "2023.05.31"]
[SourceVersion "1"]
[SourceVersionDate "2023.05.31"]
[SourceQuality "1"]

1. Nf3 d5 2. d4 e6 3. c4 a6 4. g3 dxc4 5. Bg2 b5 6. 0-0 Bb7 7. a4 Nf6 8. b3 cxb3 9. Qxb3 b4 10. a5 Bd6 11. Nbd2 0-0 12. Nc4 Be7 13. Bd2 Nc6 14. e3 Rb8 15. Rfd1 Qd7 16. Be1 Rfd8 17. Rac1 Qd5 18. Qa4 Qh5 19. Nfe5 Nxe5 20. Nxe5 Nd5 21. Nc6 Bxc6 22. Qxc6 Nc3 23. Bxc3 bxc3 24. Qxc3 c5 25. Bf1 1/2-1/2

[Event "ESP-ch U16"]
[Site "Salobrena"]
[Date "2021.07.19"]
[Round "2"]
[White "Cesar Maestre, Bernardo"]
[Black "Tabuenca Mendataurigoitia, Pedro"]
[Result "1-0"]
[WhiteElo "2383"]
[BlackElo "1897"]
[PlyCount "55"]
[EventDate "2021.07.19"]
[EventType "swiss"]
[EventRounds "9"]
[EventCountry "ESP"]
[SourceTitle "EXT 2022"]
[Source "ChessBase"]
[SourceDate "2021.10.06"]
[SourceVersion "1"]
[SourceVersionDate "2021.10.06"]
[SourceQuality "1"]

1. d4 Nf6 2. c4 c5 3. d5 d6 4. f3 g6 5. e4 Bg7 6. Nc3 0-0 7. Be3 a6 8. a4 e5 9. Qd2 Ne8 10. h4 f5 11. exf5 gxf5 12. Bg5 Bf6 13. Bd3 Ng7 14. Nge2 b6 15. 0-0-0 Ra7 16. Bxf6 Qxf6 17. h5 Ne8 18. g4 fxg4 19. fxg4 Rg7 20. Ne4 Qe7 21. g5 Kh8 22. Rdg1 Bf5 23. N2g3 Bxe4 24. Nxe4 Rf4 25. g6 h6 26. Rf1 Qf8 27. Ng3 Nd7 28. Nf5 1-0

[Event "ESP-ch U16"]
[Site "Salobrena"]
[Date "2020.08.12"]
[Round "4"]
[White "Hernandez Capote, Carmen"]
[Black "Tabuenca Mendataurigoitia, Pedro"]
[Result "0-1"]
[WhiteElo "1802"]
[BlackElo "1945"]
[PlyCount "110"]
[EventDate "2020.08.10"]
[EventType "swiss"]
[EventRounds "9"]
[EventCountry "ESP"]
[SourceTitle "EXT 2021"]
[Source "ChessBase"]
[SourceDate "2020.10.23"]
[SourceVersion "1"]
[SourceVersionDate "2020.10.23"]
[SourceQuality "1"]

1. d4 Nf6 2. Nf3 c5 3. c4 cxd4 4. Nxd4 e5 5. Nc2 d5 6. cxd5 Qxd5 7. Qxd5 Nxd5 8. e4 Nb4 9. Nxb4 Bxb4+ 10. Bd2 Nc6 11. Bb5 Bd7 12. Bxc6 Bxd2+ 13. Nxd2 Bxc6 14. f3 f6 15. Nc4 Ke7 16. Na5 Rac8 17. Rc1 Bb5 18. Kf2 b6 19. Nb3 a5 20. Nd2 Rhd8 21. Nb1 Bc4 22. b3 Be6 23. Ke2 a4 24. Nd2 axb3 25. axb3 Bd7 26. Nc4 Bb5 27. Rc2 Rd4 28. Rhc1 Rc5 29. Ke3 Bxc4 30. Rxc4 Rdxc4 31. bxc4 Kd6 32. Kd3 Ra5 33. Kc3 Ra3+ 34. Kb2 Re3 35. Rc3 Re1 36. Rc2 Kc5 37. Kb3 Re3+ 38. Rc3 Re2 39. g4 Rxh2 40. Rd3 Rf2 41. Rd5+ Kc6 42. Rd3 g6 43. Kb4 h5 44. g5 fxg5 45. Rd5 h4 46. Rxe5 Rxf3 47. Rxg5 Rg3 48. Re5 h3 49. Re8 Rg5 50. Rh8 Rh5 51. Rg8 h2 52. Rxg6+ Kc7 53. Rg7+ Kd6 54. e5+ Ke6 55. Rg6+ Kxe5 0-1

[Event "ESP-ch U16"]
[Site "Salobrena"]
[Date "2020.08.10"]
[Round "2"]
[White "Dopazo Vazquez, Ivan1111"]
[Black "Tabuenca Mendataurigoitia, Pedro"]
[Result "0-1"]
[WhiteElo "1610"]
[BlackElo "1945"]
[PlyCount "92"]
[EventDate "2020.08.10"]
[EventType "swiss"]
[EventRounds "9"]
[EventCountry "ESP"]
[SourceTitle "EXT 2021"]
[Source "ChessBase"]
[SourceDate "2020.10.23"]
[SourceVersion "1"]
[SourceVersionDate "2020.10.23"]
[SourceQuality "1"]

1. d4 Nf6 2. Bg5 d5 3. Bxf6 gxf6 4. e3 c5 5. dxc5 e6 6. c4 dxc4 7. Qxd8+ Kxd8 8. Nc3 Bxc5 9. 0-0-0+ Ke7 10. Bxc4 a6 11. Nge2 Nc6 12. Ne4 Ba7 13. Nf4 Ne5 14. Be2 Bd7 15. Rd2 Bc6 16. Nc3 Rhg8 17. Rg1 b5 18. a3 Rac8 19. Kb1 f5 20. Rc1 Ng4 21. Bf3 Bxf3 22. gxf3 Ne5 23. Rdc2 Rcd8 24. e4 Nxf3 25. exf5 Nd4 26. Ncd5+ Kd6 27. Nf6 Nxc2 28. Nxg8 Nxa3+ 29. bxa3 Rxg8 30. fxe6 fxe6 31. Re1 e5 32. Nd3 Bd4 33. f4 exf4 34. Nxf4 Rg1 35. Rxg1 Bxg1 36. h3 Bh2 37. Nd3 a5 38. Nf2 Kd5 39. Ng4 Bd6 40. a4 h5 41. Nf6+ Ke6 42. Ne4 bxa4 43. Kc2 Bb4 44. Ng3 h4 45. Nf1 Ke5 46. Ne3 Kf4 0-1

[Event "ESP-chT Regional U14"]
[Site "Padron"]
[Date "2017.06.24"]
[Round "5.1"]
[White "Tabuenca Mendataurigoitia, Pedro"]
[Black "Perez Guerra, Raul"]
[Result "0-1"]
[WhiteElo "1451"]
[BlackElo "1951"]
[PlyCount "104"]
[EventDate "2017.06.22"]
[EventType "team"]
[EventRounds "6"]
[EventCountry "ESP"]
[SourceTitle "EXT 2018"]
[Source "ChessBase"]
[SourceDate "2017.10.13"]
[SourceVersion "1"]
[SourceVersionDate "2017.10.13"]
[SourceQuality "1"]
[WhiteTeam "Cantabria (U14)"]
[BlackTeam "Canarias (U14)"]
[WhiteTeamCountry "ESP"]
[BlackTeamCountry "ESP"]

1. e4 e6 2. d4 d5 3. Nd2 Nf6 4. e5 Ne4 5. Bd3 Nxd2 6. Qxd2 c5 7. c3 Nc6 8. Nf3 cxd4 9. 0-0 dxc3 10. Qxc3 Be7 11. a3 Bd7 12. Bd2 Rc8 13. Qb3 0-0 14. Rac1 f6 15. Bc3 fxe5 16. Nxe5 Bf6 17. Nf3 Bxc3 18. Qxc3 Qf6 19. Qd2 e5 20. Bc4 dxc4 21. Qxd7 Rcd8 22. Qxb7 e4 23. Rxc4 Na5 24. Qxe4 Rfe8 25. Qg4 Nxc4 26. Qxc4+ Qe6 27. Qxe6+ Rxe6 28. Rc1 Red6 29. Kf1 Rd1+ 30. Rxd1 Rxd1+ 31. Ke2 Rb1 32. b4 Ra1 33. Nd4 Rxa3 34. Nc2 Rb3 35. g3 Kf7 36. h4 Ke8 37. Kd2 Kd7 38. Ke2 Kd6 39. Kd2 Kd5 40. Ne3+ Rxe3 41. fxe3 Kc4 42. e4 Kxb4 43. Kd3 Kc5 44. Kc3 h5 45. Kd3 a5 46. Kc3 a4 47. Kd3 a3 48. Kc3 a2 49. Kb2 Kd4 50. Kxa2 Kxe4 51. Kb3 Kf3 52. Kc3 Kxg3 0-1